Guess The Rock Artist By Album Cover - Statistics

General Stats
  • This quiz has been taken 117 times
  • The average score is 8 of 16
Answer Stats
Picture Answer % Correct
Eagles
85%
Black Sabbath
79%
Dire Straits
75%
ACDC
73%
Led Zeppelin
71%
The Doors
62%
Lynyrd Skynyrd
60%
ZZ Top
52%
Ozzy Osbourne
47%
Def Leppard
41%
Nickelback
35%
Stevie Ray Vaughan
31%
Bob Seger
30%
The Band
24%
George Thorogood
21%
Ted Nugent
19%
No matching quizzes found
Score Distribution
Percent of People with Each Score
Percentile by Number Answered
Your Score History
You have not taken this quiz